000 00743nam a2200241 a 4500
001 73375
003 BD-RjUL
005 20211209082404.0
008 170530s1967 enka b 000 0 eng d
035 _a(BD-RjUL)73593
040 _aUKM
_cUKM
_dBD-RjUL
_beng
041 _aeng
082 0 _a629.8
_223
_bSHC 1967
100 1 _aShamray, B. V.
_9217039
245 1 0 _aControl system components /
_cB.V. Shamray
260 _aLondon :
_bAsia Publishing House,
_c1967.
300 _axi, 355 p. :
_bill. ;
_c25 cm.
490 1 _aIndian Institute of Technology, Bombay, Series ;
504 _aIncludes Bibliography.
650 0 _aAutomatic control.
_9217040
830 _aIndian Institute of Technology, Bombay, Series ;
_9217041
942 _2ddc
_cBK
999 _c73375
_d73375